000
00263nam a22001217a 4500
008
181224b xxu||||| |||| 00| 0 eng d
041
_a
eng
080
_a
701
100
_a
44
101
_a
ART
245
_a
The Light Horse Breeds
_c
Patten,J.W
942
_2
udc
_c
BK
999
_c
53744
_d
53744